000
00482nam a2200169Ia 4500
008
090124s9999 xx 000 0 und d
082
_b
109296
100
_a
निरंतर ग. भा.
245
_a
कुलदिपक राम
250
_a
0
300
_a
92
600
_a
निरंतर ग. भा.
630
_a
कुलदिपक राम
700
_a
निरंतर ग. भा.
730
_a
कुलदिपक राम
942
_c
BOOK
999
_c
155387
_d
155387